Textbook of polymer science
Guardat en:
| Autor principal: | |
|---|---|
| Format: | Llibre |
| Idioma: | anglès |
| Publicat: |
Nueva York
Wiley-Interscience
1971
|
| Edició: | 2a. ed |
| Matèries: | |
| Etiquetes: |
Afegir etiqueta
Sense etiquetes, Sigues el primer a etiquetar aquest registre!
|
MARC
| LEADER | 00000nam a2200000 a 4500 | ||
|---|---|---|---|
| 001 | UCU3787 | ||
| 003 | CL-VaPUC | ||
| 008 | 960510e19710000US |||||||||||||||||eng|d | ||
| 082 | 0 | 4 | |a 547.7 |b BIL |2 21 |
| 100 | 0 | |a Billmeyer, Fred W |e author |9 360917 | |
| 245 | 1 | 0 | |a Textbook of polymer science |
| 250 | |a 2a. ed | ||
| 300 | |a 598 p | ||
| 942 | |c BK | ||
| 945 | |d 19960510 00:00:00 |a paguirre | ||
| 260 | |a Nueva York |b Wiley-Interscience |c 1971 | ||
| 650 | 0 | |a Polímeros |9 271736 | |
| 650 | 0 | |a Moléculas |9 259584 | |
| 650 | 7 | |a POLIMERIZACION |2 CL-VaPUC |9 313729 | |
| 650 | 0 | |a Estructura molecular |9 306892 | |
| 650 | 7 | |a QUIMICA DE LOS POLIMEROS |2 CL-VaPUC |9 360182 | |
| 650 | 7 | |a PLASTICOS ESTRUCTURALES |2 CL-VaPUC |9 360918 | |
| 650 | 0 | |a Tecnología química |9 263002 | |
| 583 | |a last modification |c 19960510 00:00:00 |k Rodrigo Vera | ||
| 999 | |c 247676 |d 247674 | ||
| 952 | |0 0 |1 0 |4 0 |6 547_700000000000000_BIL_1971 |7 0 |8 A |9 263750 |a BIBING |b BIBING |d 2019-11-19 |i 1653547 |o 547.7 BIL 1971 |p 1653547 |r 2025-01-20 |w 2019-11-19 |y BK |k EIQ | ||